[Event "22nd ch-EUR Indiv 2022"]
[Site "Terme Catez SLO"]
[Date "2022.04.01"]
[Round "6.74"]
[White "Wachinger, Nikolas"]
[Black "Firat, Burak"]
[Result "1-0"]
[BlackTitle "GM"]
[WhiteElo "2376"]
[BlackElo "2487"]
[WhiteFideId "12962791"]
[BlackFideId "6305881"]
[EventDate "2022.03.27"]

1. e4 e5 2. Nf3 Nc6 3. Bb5 a6 4. Ba4 Nf6 5. O-O Be7 6. Re1 b5 7. Bb3 d6 8. c3
O-O 9. h3 h6 10. d4 Bd7 11. Nbd2 Re8 12. Nf1 Bf8 13. Ng3 Na5 14. Bc2 c5 15. b3
Rc8 16. d5 g6 17. Nh2 h5 18. Bg5 Be7 19. Qd2 Nh7 20. Be3 h4 21. Ngf1 f5 22. f4
exf4 23. Bxf4 g5 24. e5 dxe5 25. Bxe5 Bf8 26. Nf3 Re7 27. d6 Rf7 28. Ne3 Nc6 29.
Nd5 Be8 30. Nc7 Nxe5 31. Rxe5 Bd7 32. Rxc5 Rf6 33. Rd5 Bxd6 34. Rxd6 Rxd6 35.
Qxd6 Qxc7 36. Qg6+ Kh8 37. Nxg5 Nxg5 38. Qf6+ Kh7 39. Qxg5 Qxc3 40. Bxf5+ Bxf5
41. Qxf5+ Kh6 42. Qf4+ Kg6 43. Qg4+ Kh6 44. Qxh4+ Kg6 45. Qg4+ Kh6 46. Qf4+ Kg6
47. Rf1 Rc6 48. Qg4+ Kh6 49. Rf5 1-0

[Event "22nd ch-EUR Indiv 2022"]
[Site "Terme Catez SLO"]
[Date "2022.04.01"]
[Round "6.75"]
[White "Ioannidis, Evgenios"]
[Black "Roebers, Eline"]
[Result "0-1"]
[WhiteTitle "IM"]
[WhiteElo "2481"]
[BlackElo "2331"]
[WhiteFideId "4229274"]
[BlackFideId "1058401"]
[EventDate "2022.03.27"]

1. e4 c5 2. Nf3 e6 3. d4 cxd4 4. Nxd4 Nc6 5. Nc3 Nf6 6. Nxc6 bxc6 7. e5 Nd5 8.
Ne4 Qc7 9. f4 Rb8 10. c4 Bb4+ 11. Ke2 O-O 12. a3 Be7 13. cxd5 cxd5 14. Nf2 f6
15. exf6 Bxf6 16. Kf3 Bxb2 17. Rb1 Bxc1 18. Qxc1 Rb3+ 19. Bd3 Rc3 20. Qd2 e5 21.
Rhc1 e4+ 22. Kg3 d4 23. Rxc3 dxc3 24. Rc1 cxd2 25. Rxc7 exd3 26. Rxa7 Re8 27.
Ra8 Kf7 28. Rb8 Re3+ 29. Kh4 Re2 30. Nd1 Re1 31. Rb1 d6 32. a4 Re4 33. Rb2 Rxf4+
34. Kg3 Rxa4 35. Rxd2 Bf5 36. Nb2 Rb4 37. Kf2 Kf6 38. Ke3 d5 39. Rf2 d4+ 40. Kf3
Ke5 41. Rd2 Rb3 42. Kf2 Rc3 43. Ke1 Rc1+ 44. Kf2 Rc2 45. Ke1 Be4 46. g3 Bg6 47.
Kd1 Bh5+ 48. Ke1 Be2 49. Rxc2 dxc2 50. Kxe2 c1=N+ 51. Kd2 Nb3+ 52. Ke2 Nc5 53.
Kf3 Nd7 54. Nd3+ Kd5 55. Nf4+ Kc4 56. h4 Nf6 57. h5 Kb3 58. h6 gxh6 59. Nh3 d3
60. Kf4 d2 61. Nf2 h5 0-1

[Event "22nd ch-EUR Indiv 2022"]
[Site "Terme Catez SLO"]
[Date "2022.04.01"]
[Round "6.76"]
[White "Giannoulakis, Lampros"]
[Black "Ahmadzada, Ahmad"]
[Result "1/2-1/2"]
[WhiteTitle "FM"]
[BlackTitle "IM"]
[WhiteElo "2362"]
[BlackElo "2480"]
[WhiteFideId "4247019"]
[BlackFideId "13413007"]
[EventDate "2022.03.27"]

1. d4 Nf6 2. c4 c5 3. d5 e6 4. Nc3 exd5 5. cxd5 d6 6. Nf3 g6 7. Bf4 Bg7 8. Qa4+
Bd7 9. Qb3 b5 10. Bxd6 Qb6 11. Be5 O-O 12. e3 c4 13. Qd1 b4 14. Nb1 Rc8 15. a3
Qa5 16. Nbd2 c3 17. Nc4 Qxd5 18. bxc3 bxc3 19. Bxc3 Be6 20. Qxd5 Bxd5 21. Nfd2
Nbd7 22. f3 Rc6 23. Bd4 Rac8 24. Kf2 Ne8 25. Bxg7 Kxg7 26. Rb1 Bxc4 27. Nxc4
Rxc4 28. Bxc4 Rxc4 29. Rhc1 Nb6 30. Rxc4 Nxc4 31. a4 Kf6 32. Ke2 Ned6 33. Kd3
Ke5 34. e4 g5 35. Rb8 h5 36. g3 h4 37. gxh4 gxh4 38. Rh8 Nb2+ 39. Ke2 f5 40. a5
fxe4 41. Rxh4 Nbc4 42. fxe4 Nxe4 43. a6 Ncd6 44. Rh7 Nb5 45. Kd3 Ned6 46. h4 Kf6
47. h5 Nf7 48. h6 Nc7 49. Rg7 Nxa6 1/2-1/2

[Event "22nd ch-EUR Indiv 2022"]
[Site "Terme Catez SLO"]
[Date "2022.04.01"]
[Round "6.77"]
[White "Mirzoev, Emil"]
[Black "Sorm, Daniel"]
[Result "1-0"]
[WhiteTitle "GM"]
[BlackTitle "FM"]
[WhiteElo "2475"]
[BlackElo "2323"]
[WhiteFideId "14108640"]
[BlackFideId "5400139"]
[EventDate "2022.03.27"]

1. e4 c5 2. Nf3 d6 3. Bb5+ Nc6 4. O-O Bd7 5. Re1 a6 6. Bxc6 Bxc6 7. c3 Nf6 8. d4
Bxe4 9. Bg5 d5 10. Nbd2 Bxf3 11. Qxf3 e6 12. Bxf6 gxf6 13. c4 Bh6 14. Rad1 Bxd2
15. Rxd2 Qa5 16. Rde2 O-O-O 17. dxc5 d4 18. c6 bxc6 19. Qxc6+ Kb8 20. Qf3 Qxa2
21. b3 Qa3 22. Qxf6 d3 23. Rd2 Rhe8 24. Qxf7 Qxb3 25. Rdd1 Kc8 26. g3 Qb7 27.
Qf4 e5 28. Qf5+ Qd7 29. Qe4 Qb7 30. Rxd3 Qxe4 31. Rxd8+ Kxd8 32. Rxe4 Kd7 33.
Re3 Kc6 34. Ra3 Kb6 35. Kg2 Re6 36. g4 Kc5 37. Ra4 Kd4 38. h4 Kc3 39. c5 Kb3 40.
Re4 a5 41. f4 a4 42. f5 Re8 43. g5 a3 44. f6 a2 45. Re1 e4 46. c6 Kb2 47. f7 Rc8
48. h5 a1=Q 49. Rxa1 Kxa1 50. c7 Kb2 51. g6 Kc2 52. g7 1-0

[Event "22nd ch-EUR Indiv 2022"]
[Site "Terme Catez SLO"]
[Date "2022.04.01"]
[Round "6.78"]
[White "Kenneskog, Theodor"]
[Black "Holm, Kristian Stuvik"]
[Result "1/2-1/2"]
[WhiteTitle "FM"]
[BlackTitle "IM"]
[WhiteElo "2354"]
[BlackElo "2468"]
[WhiteFideId "1715011"]
[BlackFideId "1508083"]
[EventDate "2022.03.27"]

1. e4 e5 2. Nf3 Nc6 3. Bb5 a6 4. Ba4 f5 5. d4 exd4 6. e5 b5 7. Bb3 Bb7 8. O-O
Na5 9. Nxd4 c5 10. Bxg8 cxd4 11. Bb3 Nxb3 12. axb3 Qb6 13. Nd2 Qg6 14. Nf3 Bc5
15. c3 dxc3 16. bxc3 O-O 17. b4 Bb6 18. Be3 Bxe3 19. fxe3 Qe6 20. Qd4 Rae8 21.
Rfd1 Rf7 22. Rd2 h6 23. Qd6 Bxf3 24. Qxe6 Rxe6 25. gxf3 Rxe5 26. Kf2 Rfe7 27.
Rd3 R5e6 28. Rad1 Kf7 29. Rxd7 Rxe3 30. Rxe7+ Rxe7 31. Rd6 Re6 32. Rd7+ Kf6 33.
Rc7 g5 34. Rc5 f4 35. c4 bxc4 36. Rxc4 Ke5 37. h4 Rf6 38. hxg5 hxg5 39. Ke2 Kd5
40. Kd3 Rc6 41. Rd4+ Ke5 42. Re4+ Kf5 43. Re8 Re6 44. Rf8+ Kg6 45. Rg8+ Kf6 46.
Rf8+ Kg7 47. Ra8 g4 48. b5 gxf3 49. Ra7+ Kf8 50. Ra8+ Ke7 51. Rxa6 Re3+ 52. Kd2
f2 53. Ra1 Kf6 54. b6 Rb3 55. Ke2 Rxb6 56. Kxf2 Kf5 57. Ra8 1/2-1/2

[Event "22nd ch-EUR Indiv 2022"]
[Site "Terme Catez SLO"]
[Date "2022.04.01"]
[Round "6.79"]
[White "Bethke, Richard"]
[Black "Yilmazyerli, Mert"]
[Result "1/2-1/2"]
[WhiteTitle "FM"]
[BlackTitle "IM"]
[WhiteElo "2327"]
[BlackElo "2466"]
[WhiteFideId "12959243"]
[BlackFideId "6305962"]
[EventDate "2022.03.27"]

1. e4 c5 2. Nf3 d6 3. d4 cxd4 4. Nxd4 Nf6 5. Nc3 g6 6. Be3 a6 7. f3 h5 8. Qd2
Nbd7 9. Be2 Bg7 10. a4 b6 11. Nd5 Bb7 12. c4 O-O 13. O-O e6 14. Nxf6+ Bxf6 15.
Rfd1 Qc7 16. Nc2 Bxb2 17. Rab1 Be5 18. f4 Bg7 19. e5 d5 20. cxd5 exd5 21. Nb4
Nc5 22. Rbc1 Rfd8 23. a5 Qd7 24. Qc2 bxa5 25. Nxd5 Bxd5 26. Qxc5 Qe6 27. Qxa5
Rd7 28. Rb1 Qf5 29. Rb4 Bc6 30. Rxd7 Qxd7 31. Rb6 Qd8 32. Qa2 Bd5 33. Qd2 Bf8
34. Rxa6 Rb8 35. Ra1 Bb4 36. Qd3 Be6 37. Qxd8+ Rxd8 38. Rd1 Ra8 39. Bf3 Ra3 40.
Bf2 Be7 41. Bd4 h4 42. Rd2 g5 43. fxg5 Bxg5 44. Rc2 h3 45. Kf2 hxg2 46. Kxg2 Rd3
47. Bf2 Bf4 48. Bg3 Bxg3 49. Kxg3 Bd5 50. Rf2 f6 51. exf6 1/2-1/2

[Event "22nd ch-EUR Indiv 2022"]
[Site "Terme Catez SLO"]
[Date "2022.04.01"]
[Round "6.80"]
[White "Markoja, Boris"]
[Black "Yordanov, Lachezar"]
[Result "1/2-1/2"]
[WhiteTitle "IM"]
[BlackTitle "FM"]
[WhiteElo "2461"]
[BlackElo "2318"]
[WhiteFideId "14608502"]
[BlackFideId "2918927"]
[EventDate "2022.03.27"]

1. c4 e5 2. Nc3 Nf6 3. Nf3 Nc6 4. e4 Bb4 5. d3 d6 6. a3 Bxc3+ 7. bxc3 h6 8. g3
O-O 9. Bg2 Nd7 10. O-O Nc5 11. Nh4 Re8 12. Rb1 b6 13. f4 exf4 14. e5 Bd7 15. d4
Nb7 16. Bxf4 dxe5 17. Bxe5 Nxe5 18. Bxb7 Nxc4 19. Qd3 Nd6 20. Bxa8 Qxa8 21. d5
Re5 22. c4 Qe8 23. Rbc1 Re3 24. Qd4 Re4 25. Qd3 Re3 26. Qd4 Re4 27. Qd3 Re3 1/2-1/2

[Event "22nd ch-EUR Indiv 2022"]
[Site "Terme Catez SLO"]
[Date "2022.04.01"]
[Round "6.81"]
[White "Kanyamarala, Tarun"]
[Black "Davtyan, Artur"]
[Result "0-1"]
[WhiteTitle "FM"]
[BlackTitle "IM"]
[WhiteElo "2325"]
[BlackElo "2460"]
[WhiteFideId "45004714"]
[BlackFideId "13308327"]
[EventDate "2022.03.27"]

1. d4 Nf6 2. Nf3 e6 3. Bf4 b6 4. e3 Bb7 5. h3 Bd6 6. Bxd6 cxd6 7. Bd3 Ne4 8. O-O
O-O 9. Nfd2 d5 10. c4 Nxd2 11. Qxd2 dxc4 12. Bxc4 d6 13. Nc3 Nd7 14. Bb3 Nf6 15.
f3 d5 16. Rfd1 Qe7 17. Ne2 Rac8 18. Rac1 Ba6 19. Nf4 g6 20. Bc2 Rc7 21. Bb1 Rfc8
22. Rxc7 Qxc7 23. h4 Qd6 24. g4 Nd7 25. Kf2 Re8 26. Rh1 e5 27. dxe5 Nxe5 28. Rd1
Bb7 29. Qd4 Nc6 30. Qxd5 Qe7 31. Be4 Qxh4+ 32. Kg2 Ne5 33. Qb5 Re7 34. Rd8+ Kg7
35. Bxb7 Nxg4 36. fxg4 Rxe3 37. Ne6+ Rxe6 38. Qd3 Qxg4+ 39. Kf2 Rf6+ 40. Ke1
Qg1+ 41. Kd2 Rf2+ 42. Kc3 Qc1+ 0-1

[Event "22nd ch-EUR Indiv 2022"]
[Site "Terme Catez SLO"]
[Date "2022.04.01"]
[Round "6.82"]
[White "Kaasen, Tor Fredrik"]
[Black "Beydullayeva, Govhar"]
[Result "0-1"]
[WhiteTitle "IM"]
[BlackTitle "WIM"]
[WhiteElo "2460"]
[BlackElo "2308"]
[WhiteFideId "1516647"]
[BlackFideId "13413015"]
[EventDate "2022.03.27"]

1. d4 Nf6 2. c4 e6 3. g3 d5 4. Bg2 Bb4+ 5. Bd2 Be7 6. Nf3 O-O 7. O-O c6 8. Qc2
Nbd7 9. b3 a5 10. Nc3 b6 11. Rfd1 Ba6 12. Bf4 dxc4 13. e4 cxb3 14. Qxb3 b5 15.
d5 Nc5 16. Qb1 cxd5 17. exd5 Nxd5 18. Nxd5 exd5 19. Ne5 Qb6 20. Bxd5 Bb7 21. Nc4
Qa6 22. Bd6 bxc4 23. Bxe7 Bxd5 24. Rxd5 Rfb8 25. Qf5 Nd3 26. Rd1 h6 27. Rd7 Rb7
28. Bd8 Rxd7 29. Qxd7 Qe6 30. Qxe6 fxe6 31. Bb6 e5 32. Rd2 a4 33. Rc2 Rb8 34.
Ba5 Rb1+ 35. Kg2 Rc1 36. Re2 Kf7 37. Kf3 Ke6 38. Ke4 Nc5+ 39. Ke3 Kd5 40. Kd2
Nd3 41. f3 Rf1 42. Ke3 Rd1 43. Rc2 Rc1 44. Rg2 g6 45. h4 Rd1 46. Bc3 Nc1 47. Rc2
Rd3+ 48. Kf2 Nb3 49. f4 Nd4 50. Rc1 e4 51. h5 gxh5 52. Bxd4 Kxd4 53. Kg2 Rd2+
54. Kg1 c3 55. Kf1 c2 0-1

[Event "22nd ch-EUR Indiv 2022"]
[Site "Terme Catez SLO"]
[Date "2022.04.01"]
[Round "6.83"]
[White "Van Dael, Siem"]
[Black "Cvitan, Ognjen"]
[Result "1/2-1/2"]
[WhiteTitle "FM"]
[BlackTitle "GM"]
[WhiteElo "2307"]
[BlackElo "2458"]
[WhiteFideId "1049771"]
[BlackFideId "14500086"]
[EventDate "2022.03.27"]

1. e4 c5 2. Nf3 d6 3. d4 cxd4 4. Nxd4 Nf6 5. Nc3 a6 6. Be3 e5 7. Nb3 Be7 8. f3
Be6 9. Qd2 h5 10. O-O-O Nbd7 11. Kb1 Rc8 12. Bd3 b5 13. h3 h4 14. f4 Qc7 15.
Rhe1 O-O 1/2-1/2

[Event "22nd ch-EUR Indiv 2022"]
[Site "Terme Catez SLO"]
[Date "2022.04.01"]
[Round "6.84"]
[White "Barbot, Pierre1"]
[Black "Deuer, Marius"]
[Result "1-0"]
[WhiteTitle "IM"]
[BlackTitle "FM"]
[WhiteElo "2455"]
[BlackElo "2304"]
[WhiteFideId "663727"]
[BlackFideId "16236432"]
[EventDate "2022.03.27"]

1. d4 Nf6 2. c4 e6 3. Nf3 b6 4. e3 d5 5. Bd3 Bb7 6. O-O Bd6 7. b3 O-O 8. Bb2 c5
9. cxd5 exd5 10. Nc3 Nbd7 11. Rc1 Re8 12. Ne2 Ne4 13. dxc5 Ndxc5 14. Bb5 Re6 15.
b4 Rh6 16. bxc5 Bxh2+ 17. Nxh2 Qh4 18. Be5 f6 19. c6 fxe5 20. Qxd5+ 1-0

[Event "22nd ch-EUR Indiv 2022"]
[Site "Terme Catez SLO"]
[Date "2022.04.01"]
[Round "6.85"]
[White "Urh, Zala"]
[Black "Maksimovic, Bojan"]
[Result "1/2-1/2"]
[WhiteTitle "WIM"]
[BlackTitle "IM"]
[WhiteElo "2307"]
[BlackElo "2455"]
[WhiteFideId "14611481"]
[BlackFideId "14408120"]
[EventDate "2022.03.27"]

1. d4 g6 2. c4 Bg7 3. g3 Nf6 4. Bg2 d5 5. cxd5 Nxd5 6. e4 Nb4 7. a3 N4c6 8. d5
Ne5 9. Nf3 Bg4 10. h3 Bxf3 11. Bxf3 Nxf3+ 12. Qxf3 c6 13. O-O O-O 14. Rd1 Qb6
15. Ra2 Nd7 16. b4 a5 17. Be3 Qb5 18. dxc6 Ne5 19. Qe2 Qxc6 20. Bc5 Qe6 21. f4
Nd7 22. f5 gxf5 23. exf5 Qxf5 24. g4 Qg6 25. Rxd7 Qxb1+ 26. Rd1 Qg6 27. Qxe7 b6
28. Bf2 Rfe8 29. Qd7 Bf8 30. Qb5 Red8 31. Raa1 axb4 32. axb4 Qf6 33. Rac1 Rxd1+
34. Rxd1 1/2-1/2

[Event "22nd ch-EUR Indiv 2022"]
[Site "Terme Catez SLO"]
[Date "2022.04.01"]
[Round "6.86"]
[White "Hasanzade, Toghrul"]
[Black "Kosakowski, Jakub"]
[Result "0-1"]
[WhiteTitle "IM"]
[BlackTitle "IM"]
[WhiteElo "2297"]
[BlackElo "2452"]
[WhiteFideId "13407716"]
[BlackFideId "1185080"]
[EventDate "2022.03.27"]

1. e4 c5 2. Nf3 d6 3. Nc3 a6 4. g3 Nf6 5. Bg2 Bg4 6. h3 Bxf3 7. Qxf3 Nc6 8. Nd5
Nd7 9. O-O g6 10. c3 Bg7 11. Qd1 O-O 12. d3 e6 13. Ne3 b5 14. f4 Nb6 15. f5 Rc8
16. Ng4 h5 17. f6 Bh8 18. Nh6+ Kh7 19. g4 Bxf6 20. gxh5 Qe7 21. Be3 Ne5 22. Ng4
Bg5 23. Qd2 Bxe3+ 24. Qxe3 Nxg4 25. hxg4 Nd7 26. g5 gxh5 27. Rf4 Ne5 28. Rf6 Rg8
29. Raf1 Rc7 30. Rh6+ Kg7 31. Rxh5 Kf8 32. d4 cxd4 33. cxd4 Ng6 34. Rh7 e5 35.
Rfxf7+ Qxf7 36. Rxf7+ Rxf7 37. Qa3 Ne7 38. Qxd6 Rxg5 39. Qd8+ Kg7 40. d5 Rh5 41.
d6 Nc6 42. Qc8 Nd4 43. Qg4+ Kh6 44. d7 Rf8 45. b4 Rg5 46. Qh3+ Kg6 47. Qe3 Rd8
48. Qa3 Rxd7 49. Qxa6+ Kg7 50. Kh2 Rf7 51. Kh3 Rg6 52. Qc8 Rh6+ 0-1

[Event "22nd ch-EUR Indiv 2022"]
[Site "Terme Catez SLO"]
[Date "2022.04.01"]
[Round "6.87"]
[White "Sousa, Andre Ventura"]
[Black "Prokofiev, Valentyn"]
[Result "0-1"]
[WhiteTitle "IM"]
[WhiteElo "2429"]
[BlackElo "2287"]
[WhiteFideId "1917617"]
[BlackFideId "14160161"]
[EventDate "2022.03.27"]

1. e4 e5 2. Nf3 Nc6 3. Bb5 a6 4. Ba4 Nf6 5. O-O Nxe4 6. d4 Be7 7. Re1 b5 8. Rxe4
d5 9. Nxe5 Nxe5 10. Rxe5 bxa4 11. Qe2 c6 12. Nc3 Ra7 13. Nxa4 O-O 14. b3 Bd6 15.
Bb2 Bxe5 16. dxe5 Qg5 17. Rf1 Qg6 18. Bd4 Ra8 19. c3 Bf5 20. Re1 a5 21. Qd2 h5
22. Re3 Qh6 23. Qe2 g5 24. Nc5 Be6 25. Qd3 g4 26. Re1 Qh7 27. Qd2 Qg6 28. Qd3
Qxd3 29. Nxd3 Kg7 30. Rf1 Rh8 31. f3 gxf3 32. Rxf3 h4 33. Nc5 Rh6 34. Kf2 Rg8
35. Rf4 Rh5 36. Kf3 Kh7 37. Bf2 h3 38. Bg3 Rxg3+ 39. Kxg3 Rg5+ 40. Kf2 Rxg2+ 41.
Ke3 Rxh2 42. Nxe6 fxe6 43. Kd4 Rd2+ 44. Kc5 h2 45. Rh4+ Kg6 46. Kxc6 Kf5 47.
Rh5+ Kg4 48. Rh8 Kg3 49. Kd6 d4 50. c4 d3 51. Kxe6 Re2 52. c5 d2 53. c6 d1=Q 54.
Rg8+ Kf2 55. c7 Rc2 0-1

[Event "22nd ch-EUR Indiv 2022"]
[Site "Terme Catez SLO"]
[Date "2022.04.01"]
[Round "6.88"]
[White "Kramer, Julian"]
[Black "Mihov, Filip"]
[Result "1-0"]
[WhiteTitle "IM"]
[WhiteElo "2423"]
[BlackElo "2255"]
[WhiteFideId "12921742"]
[BlackFideId "15003892"]
[EventDate "2022.03.27"]

1. e4 e6 2. d4 d5 3. e5 c5 4. c3 Nc6 5. Nf3 Bd7 6. Be2 f6 7. O-O fxe5 8. Nxe5
Nxe5 9. dxe5 Qc7 10. Re1 O-O-O 11. Bf1 h6 12. a4 g5 13. Na3 Bg7 14. Nb5 Bxb5 15.
axb5 b6 16. Qg4 Qf7 17. c4 Kb8 18. b4 cxb4 19. cxd5 Rxd5 20. Qxb4 Bf8 21. Qb3
Bc5 22. Be3 Ne7 23. Bc4 Rxe5 24. Bxc5 Rxc5 25. Rxe6 Qf4 26. Rxe7 Qxc4 27. Qxc4
Rxc4 28. Rexa7 Rhc8 29. Ra8+ Kc7 30. Rxc8+ Kxc8 31. g3 h5 32. Ra8+ Kc7 33. Rh8
h4 34. gxh4 gxh4 35. Rh5 Rb4 36. Kg2 Kd7 37. Kh3 Rf4 38. Kg2 Rb4 39. Kf3 Rb3+
40. Kg4 Rb2 41. Rf5 Ke6 42. h3 Rc2 43. Kg5 Rb2 44. Rf6+ Ke7 45. Rxb6 Rxf2 46.
Rb8 Rd2 47. b6 Kd7 48. Rf8 Rg2+ 49. Kxh4 1-0

[Event "22nd ch-EUR Indiv 2022"]
[Site "Terme Catez SLO"]
[Date "2022.04.01"]
[Round "6.89"]
[White "Ben Ari, Yannay"]
[Black "Greicius, Pijus"]
[Result "1-0"]
[WhiteTitle "FM"]
[WhiteElo "2417"]
[BlackElo "2100"]
[WhiteFideId "2815222"]
[BlackFideId "12819093"]
[EventDate "2022.03.27"]

1. d4 Nf6 2. Nf3 d5 3. Bg5 c5 4. e3 Nc6 5. Nbd2 cxd4 6. exd4 Bf5 7. c3 e6 8. Qb3
Rb8 9. Nh4 Bg6 10. Be2 Bd6 11. g3 Be7 12. Nxg6 hxg6 13. h4 Qc7 14. Be3 a6 15. a4
Bd6 16. Kf1 Ne7 17. Kg2 Nf5 18. Nf1 Ne4 19. Bd3 Nf6 20. Qd1 Rc8 21. Qf3 Qb6 22.
Bc1 Bb8 23. a5 Qc6 24. Bf4 Bxf4 25. Qxf4 Qc7 26. Qf3 Nd6 27. Nd2 Qc6 28. Rhe1
Kf8 29. Re5 Nf5 30. Nb3 Nd7 31. Ree1 Kg8 32. Rh1 Nf6 33. Nc5 Nd6 34. Rae1 Qc7
35. Ra1 Qc6 36. Rhe1 Nd7 37. b4 Nb5 38. Bxg6 Rf8 39. Bc2 Nf6 40. Re5 Nd6 41.
Rae1 Nc4 42. Rg5 Rh6 43. Bd3 Nd6 44. Qf4 Re8 45. Re3 Nc4 46. Rf3 Rf8 47. h5 Nh7
48. Bxh7+ Kxh7 49. Qg4 f6 50. Rxg7+ Kh8 51. Rg6 Rxg6 52. Qxg6 e5 53. h6 1-0

[Event "22nd ch-EUR Indiv 2022"]
[Site "Terme Catez SLO"]
[Date "2022.04.01"]
[Round "6.90"]
[White "Globus, Or"]
[Black "Easwaralingam, Adesh"]
[Result "1/2-1/2"]
[WhiteTitle "FM"]
[WhiteElo "2414"]
[BlackElo "2069"]
[WhiteFideId "2816776"]
[BlackFideId "1448552"]
[EventDate "2022.03.27"]

1. c4 Nf6 2. Nc3 e6 3. e4 c5 4. e5 Ng8 5. Nf3 Nc6 6. d4 cxd4 7. Nxd4 Nxe5 8.
Ndb5 a6 9. Nd6+ Bxd6 10. Qxd6 f6 11. Be3 Ne7 12. Bb6 Nf5 13. Qb4 Nc6 14. Qc5 Qe7
15. Qxe7+ Ncxe7 16. O-O-O d5 17. g4 Nh4 18. Bc5 Nhg6 19. Rg1 Bd7 20. cxd5 exd5
21. g5 Kf7 22. gxf6 gxf6 23. b4 Rac8 24. Kb2 a5 25. Ne4 dxe4 26. Rxd7 axb4 27.
Bxb4 Rhd8 28. Rxb7 Rb8 29. Bc4+ Ke8 30. Bb5+ Kf7 31. Rxb8 Rxb8 32. a4 Nd5 33.
Ka3 Ke6 34. Bc5 Ne5 35. Rc1 Nd3 36. Bxd3 exd3 37. Rd1 Rc8 38. Bd4 Nf4 39. Be3
Rc3+ 40. Kb2 Nd5 41. Rc1 d2 42. Bxd2 Rf3 43. Re1+ Kd7 44. Re2 Nb6 45. a5 Nc4+
46. Kb1 Ra3 47. Be1 Nxa5 48. Re4 Rb3+ 49. Kc2 Rb5 50. Kd3 Nb7 51. Rd4+ Ke6 52.
Bb4 Rd5 1/2-1/2

[Event "22nd ch-EUR Indiv 2022"]
[Site "Terme Catez SLO"]
[Date "2022.04.01"]
[Round "6.91"]
[White "Dobrovoljc, Vid"]
[Black "Chennaoui, Yasin"]
[Result "1-0"]
[WhiteTitle "FM"]
[WhiteElo "2406"]
[BlackElo "2015"]
[WhiteFideId "14609843"]
[BlackFideId "1330667"]
[EventDate "2022.03.27"]

1. e4 d6 2. d4 Nf6 3. Nc3 e5 4. Nf3 Nbd7 5. Rg1 Be7 6. g4 h6 7. Be3 c6 8. a3 b5
9. h4 h5 10. gxh5 Nxh5 11. d5 Bb7 12. dxc6 Bxc6 13. Bxb5 Bxb5 14. Nxb5 Qb8 15.
Qd5 O-O 16. O-O-O Ndf6 17. Qc4 Rc8 18. Qb4 Nxe4 19. Ng5 Bxg5 20. hxg5 a5 21.
Qxe4 Qxb5 22. Qd5 Qxd5 23. Rxd5 Ra6 24. Rgd1 Rcc6 25. b4 axb4 26. axb4 Ra2 27.
R1d2 Rc4 28. b5 Nf4 29. Rxd6 Rb4 30. Ra6 Rab2 31. Rd8+ Kh7 32. b6 Ne2+ 33. Kd2
Nd4 34. Bxd4 exd4 35. Kd3 Rxb6 36. Rxb6 Rxb6 37. Rxd4 Kg6 38. Rd5 Rb2 39. Kc3
Rb1 40. Kd3 Rd1+ 41. Ke4 Re1+ 42. Kf3 Rc1 43. Rc5 f6 44. Kf4 Rf1 45. f3 Rc1 46.
c4 Rc2 47. gxf6 gxf6 48. Ke3 Rc1 49. Ke4 Re1+ 50. Kf4 Rc1 51. Rc8 Rc3 52. Ke4
Rc1 53. c5 Re1+ 54. Kd5 Kf5 55. Ra8 Rd1+ 56. Kc4 Rc1+ 57. Kb5 Rb1+ 58. Ka6 Kf4
59. Rf8 f5 60. c6 Ra1+ 61. Kb5 Rb1+ 62. Kc5 Rc1+ 63. Kd6 Rd1+ 64. Ke6 Re1+ 65.
Kd7 Rd1+ 66. Ke6 Re1+ 67. Kd6 Rd1+ 68. Ke7 Re1+ 69. Kd7 Rd1+ 70. Kc8 Rd3 71. c7
Rxf3 72. Kd7 Rc3 73. c8=Q Rxc8 74. Rxc8 Ke3 75. Re8+ Kf3 76. Ke6 f4 77. Kf5 Kg3
78. Rg8+ Kf3 79. Rg4 Ke3 80. Rxf4 Kd3 81. Ke5 Ke3 82. Rh4 Kd3 83. Rh3+ Kc4 84.
Rg3 Kc5 85. Rc3+ Kb4 86. Kd4 Kb5 87. Kd5 Kb4 88. Rh3 Kb5 89. Rb3+ Ka4 90. Kc4
Ka5 91. Rb1 Ka6 92. Kc5 Ka7 93. Kc6 Ka8 94. Kc7 Ka7 95. Ra1# 1-0

[Event "22nd ch-EUR Indiv 2022"]
[Site "Terme Catez SLO"]
[Date "2022.04.01"]
[Round "6.92"]
[White "Kastelic, Marian"]
[Black "Papadiamandis, Elliot"]
[Result "1/2-1/2"]
[WhiteTitle "FM"]
[BlackTitle "FM"]
[WhiteElo "2287"]
[BlackElo "2406"]
[WhiteFideId "14602245"]
[BlackFideId "36074160"]
[EventDate "2022.03.27"]

1. d4 Nf6 2. Nf3 g6 3. c4 Bg7 4. Nc3 d5 5. cxd5 Nxd5 6. e4 Nxc3 7. bxc3 c5 8.
Bb5+ Nc6 9. O-O O-O 10. Be3 f5 11. d5 Ne5 12. Nxe5 Bxe5 13. f4 Bxc3 14. Rc1 Bd4
15. Bxd4 cxd4 16. e5 Qb6 17. Qd3 Rd8 18. Rfd1 Bd7 19. Bc4 Rac8 20. d6+ e6 21. h4
Kg7 22. Rb1 Qc5 23. Bb5 Qd5 24. Qxd4 Qxd4+ 25. Rxd4 Rc5 26. a4 Kf7 27. Rc4 Rxc4
28. Bxc4 Bc6 29. Bb5 Bxb5 30. Rxb5 b6 31. a5 Rb8 32. Kf2 Ke8 33. Ke3 Kd7 34. Kd4
Rb7 35. Rb2 b5 36. a6 Rb6 37. Rc2 Rxa6 38. Rc7+ Kd8 39. Rxh7 Rc6 40. Rxa7 Rc4+
41. Ke3 b4 42. Rb7 Re4+ 43. Kf3 Rc4 44. g3 Kc8 45. Rb6 Rc3+ 46. Kg2 b3 47. Kh3
Kd7 48. Rb8 Rd3 49. Rb6 Rc3 50. h5 gxh5 51. Kh4 Rd3 52. Rb7+ Kc6 53. Rb8 Kd7 54.
Rb6 Re3 55. Rb7+ Kc6 56. Rc7+ Kb6 57. Rc8 Rd3 58. Kxh5 Kb7 59. Rc7+ Kb6 60. Rc1
b2 61. Rb1 Rd2 62. Kg5 Kc6 63. g4 fxg4 64. Kxg4 Kd7 65. Kf3 Rc2 66. Ke3 Kc6 67.
Kd3 Rf2 68. Ke4 Re2+ 69. Kd4 Rf2 70. Kc3 Rxf4 71. Kxb2 Rb4+ 72. Ka2 Re4 73. Rc1+
Kd7 74. Rc5 Kd8 75. Kb3 Re1 76. Kc4 Kd7 77. Ra5 Re4+ 78. Kd3 Re1 79. Kd4 Rd1+
80. Kc5 Rc1+ 81. Kb6 Rb1+ 82. Rb5 Ra1 83. Kc5 Rc1+ 84. Kd4 Rd1+ 85. Kc3 Kc6 86.
Ra5 Re1 87. Kd4 Rd1+ 88. Ke4 Re1+ 89. Kf4 Rf1+ 90. Kg4 Rg1+ 91. Kh5 Rf1 92. Kg6
Rf5 93. Kg7 Kd7 94. Kg6 1/2-1/2

[Event "22nd ch-EUR Indiv 2022"]
[Site "Terme Catez SLO"]
[Date "2022.04.01"]
[Round "6.93"]
[White "Golubka, Petro"]
[Black "Valiyev, Shahin"]
[Result "1-0"]
[WhiteTitle "GM"]
[WhiteElo "2401"]
[BlackElo "1961"]
[WhiteFideId "14114224"]
[BlackFideId "13424203"]
[EventDate "2022.03.27"]

1. e4 c5 2. Nf3 d6 3. d4 cxd4 4. Qxd4 Nc6 5. Bb5 e5 6. Qe3 Be7 7. O-O a6 8. Ba4
Nf6 9. Rd1 Qc7 10. Nc3 O-O 11. h3 Na5 12. Qd3 h6 13. Bb3 Nxb3 14. axb3 Be6 15.
Nh2 Rfc8 16. Nf1 b5 17. Ne3 Bf8 18. Bd2 Qc5 19. Be1 g6 20. b4 Qc6 21. f3 Nd7 22.
b3 h5 23. Ra2 Nf6 24. Ncd5 Nxd5 25. exd5 1-0